书目信息 |
| 题名: |
中国优秀艺术歌曲集
|
|
| 作者: | 储声虹 主编 | |
| 分册: | ||
| 出版信息: | 长沙 湖南文艺出版社 2002 |
|
| 页数: | 595页 | |
| 开本: | 19cm | |
| 丛书名: | ||
| 单 册: | ||
| 中图分类: | J642.5 | |
| 科图分类: | ||
| 主题词: | 音乐--作品--中国 | |
| 电子资源: | ||
| ISBN: | 7-5404-2485-0 | |
| 000 | 00601nam0 2200205 45 | |
| 001 | 0309231029 | |
| 005 | 20031219104116.0 | |
| 010 | @a7-5404-2485-0@dCNY25.00 | |
| 100 | @a20030923d2002 km y0chiy0120 ea | |
| 101 | 0 | @achi |
| 105 | @ag z 000yy | |
| 200 | 1 | @a中国优秀艺术歌曲集@AZhong Guo You Xiu Yi Shu Ge Qu Ji@f储声虹主编@FChuSheng Hong Zhu Bian |
| 210 | @a长沙@c湖南文艺出版社@d2002 | |
| 215 | @a595页@d19cm | |
| 300 | @a大专院校声乐教学用书 | |
| 606 | 0 | @a音乐@x作品@x中国 |
| 690 | @aJ642.5@v4 | |
| 701 | @a储声虹@4主编 | |
| 801 | @aCN@bTSTC@c20030923 | |
| 905 | @b326278-282@dJ642.5@e158@f5 | |
| 中国优秀艺术歌曲集/储声虹主编.-长沙:湖南文艺出版社,2002 |
| 595页;19cm |
| 大专院校声乐教学用书 |
| ISBN 7-5404-2485-0:CNY25.00 |
| ● |
| 相关链接 |
|
|
|
|
正题名:中国优秀艺术歌曲集
索取号:J642.5/158
 
预约/预借
| 序号 | 登录号 | 条形码 | 馆藏地/架位号 | 状态 | 备注 |
| 1 | 0326278 | 203262780 | 第一借阅区/ [索取号:J642.5/158] | 在馆 | |
| 2 | 0326279 | 203262799 | 第一借阅区/ [索取号:J642.5/158] | 在馆 | |
| 3 | 0326280 | 203262806 | 第一借阅区/ [索取号:J642.5/158] | 在馆 | |
| 4 | 0326281 | 203262815 | 第一借阅区/ [索取号:J642.5/158] | 在馆 | |
| 5 | 0326282 | 203262824 | 第一借阅区/ [索取号:J642.5/158] | 在馆 |